000 00566nam a22001937a 4500
005 20240312154733.0
010 _aENG-139176
020 _c200.00
_a9789384963965
035 _aEN-122708
037 _bDBAD/PUB
082 _a921
100 _aDurai, A.P.
_963175
245 _aChariji Maharaj Teachings on the Trail/
_cBy A.P. Durai
250 _aSecond Edition
_bMarch 2017
260 _aKolkata
_bSpiritual Hierarchy Publication Trust
_c2016
270 _bKolkata
_e700027
300 _a430p.
_c23cm(pbk)
942 _2ddc
_cEN
_h921
_mDUR
_e2017
999 _c201169
_d201169